Riadenie zmien

Gespeichert in:
Bibliographische Detailangaben
1. Verfasser: Slávik, Štefan, 1955-
Körperschaft: Ekonomická univerzita v Bratislave. Fakulta podnikového manažmentu
Format: Buch
Sprache:Slowakisch
Veröffentlicht: Bratislava Vydavateľstvo Ekonóm 2000
Schlagworte:
Tags: Tag hinzufügen
Keine Tags, Fügen Sie das erste Tag hinzu!

MARC

LEADER 00000nam a2200000 4500
001 c117412
005 20240502071317.5
020 |a 80-225-1194-3 
041 0 |a slo 
044 |a SK 
245 1 0 |a Riadenie zmien  |c Štefan Slávik 
264 1 |a Bratislava  |b Vydavateľstvo Ekonóm  |c 2000 
300 |a 146 s. 
610 2 0 |a riadenie zmien 
610 2 0 |a zmeny organizačné 
610 2 0 |a plán podnikový 
610 2 0 |a modely lineárne 
610 2 0 |a modely riadenia 
610 2 0 |a kultúra podniková 
610 2 0 |a adaptácia 
100 1 |a Slávik, Štefan, 1955- 
710 2 |a Ekonomická univerzita v Bratislave. Fakulta podnikového manažmentu